| 000 | 02638nam a2200385 a 4500 | ||
|---|---|---|---|
| 001 | dia_358 | ||
| 003 | CHAP | ||
| 005 | 20260227101116.0 | ||
| 007 | ta | ||
| 008 | 220117s1945 mx a frm a001 0 spa d | ||
| 010 | _a170910 | ||
| 040 |
_amxchpua _cCHAP |
||
| 041 | 0 | _aspa | |
| 090 |
_aTesis _bA76 _c1941 |
||
| 100 | 1 | _aArnais Gómez, José Luis | |
| 245 | 1 | 3 |
_aEl control de fabricación en el ingenio ejidal Emiliano Zapata de Zacatepec, Mor. / _cJosé Luis Arnais Gómez |
| 264 |
_aChapingo, México : _bEl autor, _c1941 |
||
| 300 |
_a39 hojas : _bilustraciones |
||
| 336 |
_2rdacontent _atexto _btxt |
||
| 337 |
_2rdamedia _ano mediado _bn |
||
| 338 |
_2rdacarrier _avolumen _bnc |
||
| 502 |
_aTesis _b(Ingeniero Agrónomo Especialista en Industrias Agrícolas) : _b(Ingeniero Agroindustrial) -- _cENA. Departamento de Industrias Agrícolas : _cUACh. Departamento de Ingeniería Agroindustrial, _c1945 |
||
| 520 | _aSeguramente que los deseos del Gobierno al instalar el Ingenio Ejidal Emiliano Zapata, en la Zona cañera del Estado de Morelos, fueron los de restaurar, en esa Región, todo el auge que interiormente tuvo la Industria del azúcar, corrigiendo los defectos en que se incurrió y que motivaron serios trastornos en las órdenes sociales y económicas. La corrección consistió en centralizar en un sólo Ingenio, la industrialización de toda la producción cañera que en épocas anteriores se dio una organización al trabajo del campo y de la fábrica, que permite por medio de la cooperativización de las labores, que los trabajadores obtengan todo al beneficio económico que la empresa rinda, en contraposición con el régimen capitalista que imperó en épocas anteriores a la revolución. Al realizarse este proyecto, no se escatimó esfuerzo ni gasto habiéndose hecho inversiones en la instalación del Ingenio, que ascendieron a la suma de $ 14,000.000.00, lo que ha significado que este primer Ingenio Ejidal, cuente con modernísimos equipos que lo colocan dentro de los primeros del mundo. | ||
| 650 | 1 | 3 |
_aAzucar de caña _xFabricación _2atg |
| 650 | 1 | 3 |
_aControl de calidad _2atg |
| 650 | 1 | 3 |
_aIndustria azucarera _zMéxico _zMorelos _zZacatepec _2atg |
| 650 | 1 | 3 |
_aCane sugar _xManufacture and industry _2atg |
| 650 | 1 | 3 |
_aQuality control _2atg |
| 650 | 1 | 3 |
_aSugar industry _zMexico _zMorelos _zZacatepec _2atg |
| 856 | 4 | 0 |
_uhttp://10.13.5.2/tesis/1941_ARNAIS_GOMEZ_JOSE_LUIS_Tesis.pdf _yDESACRAGAR PDF |
| 901 | _aTESIS A76 1941 | ||
| 902 | _aM | ||
| 905 | _a5332271945 mx 8223123322spa16 | ||
| 942 |
_cTESIS _2Clasificación Universidad Autónoma Chapingo |
||
| 999 |
_c170910 _d170910 |
||